Tepoztlán un pueblo de México (Record no. 9010)

MARC details
000 -CABECERA
campo de control de longitud fija 00600nam a2200217 a 4500
001 - NÚMERO DE CONTROL
campo de control BRL_197
005 - FECHA Y HORA DE LA ÚLTIMA TRANSACCIÓN
campo de control 20190320210630.0
008 - DATOS DE LONGITUD FIJA--INFORMACIÓN GENERAL
campo de control de longitud fija 121212s1971----mx-a######---#000-0#spa-u
050 #4 - SIGNATURA TOPOGRÁFICA DE LA BIBLIOTECA DEL CONGRESO
Número de clasificación F1391.T3
Número de documento/Ítem .L49 1971
100 1# - ENTRADA PRINCIPAL--NOMBRE DE PERSONA
Nombre de persona Lewis, Oscar
9 (RLIN) 10487
245 10 - MENCIÓN DE TÍTULO
Título Tepoztlán un pueblo de México
Mención de responsabilidad, etc. por Oscar Lewis.
250 ## - MENCIÓN DE EDICIÓN
Mención de edición 2
260 ## - PUBLICACIÓN, DISTRIBUCIÓN, ETC.
Lugar de publicación, distribución, etc. México
Nombre del editor, distribuidor, etc. Joaquín Mortiz
Fecha de publicación, distribución, etc. 1971
300 ## - DESCRIPCIÓN FÍSICA
Extensión 221 p.
Otras características físicas il.
Dimensiones 21 cm.
500 ## - NOTA GENERAL
Nota general Au225
500 ## - NOTA GENERAL
Nota general Traduccion de: Tepoztlan, village of Mexico
504 ## - NOTA DE BIBLIOGRAFÍA, ETC.
Nota de bibliografía, etc. Bibliografía: p. 219
651 #4 - PUNTO DE ACCESO ADICIONAL DE MATERIA--NOMBRE GEOGRÁFICO
Nombre geográfico Tepoztlán (México)
9 (RLIN) 9545
902 ## - CATALOGADOR
Iniciales GRL
942 ## - ELEMENTOS DE PUNTO DE ACCESO ADICIONAL (KOHA)
Fuente del sistema de clasificación o colocación Library of Congress Classification
Tipo de ítem Koha Libros
Holdings
Estado de retiro Estado de pérdida Estado dañado No para préstamo Localización permanente Ubicación/localización actual Fecha de adquisición Número de inventario Total de préstamos Signatura topográfica completa Código de barras Fecha visto por última vez Precio válido a partir de Tipo de ítem Koha
El ejemplar forma parte de la colección y puede ser consultado según las políticas vigentes.       Biblioteca Centro de Estudios Ruth D. Lechuga Biblioteca Centro de Estudios Ruth D. Lechuga 12/12/2012 Au225   F1391.T3 .L49 1971 (Au225) GRL00211 22/03/2019 22/03/2019 Libros